| 000 | 00351nam a22001457a 4500 | ||
|---|---|---|---|
| 005 | 20170530110920.0 | ||
| 008 | 170530b xxu||||| |||| 00| 0 eng d | ||
| 020 | _a81-8031-098-1 | ||
| 041 | _aeng | ||
| 100 |
_aDUBEY, DR. S.K. _93860 |
||
| 245 | _aPATRAKARITA KE NAYE AYAM | ||
| 260 |
_aALLAHABAD _bLOK BHARTI PRAKASHAN |
||
| 300 | _a192 | ||
| 942 | _cBK | ||
| 999 |
_c5455 _d5453 |
||